| Tag |
First Indicator |
Second Indicator |
Subfields |
| LEADER |
00000cam a2200000Ka 4500 |
| 001 |
in00002575615 |
| 005 |
20180621103834.0 |
| 008 |
100702s17uu mx a 000 0 spa d |
| 035 |
|
|
|a (OCoLC)ocn645681571
|
| 035 |
|
|
|a (OCoLC)645681571
|
| 040 |
|
|
|a TXA
|b eng
|c TXA
|d TXA
|d UtOrBLW
|
| 043 |
|
|
|a n-mx---
|
| 049 |
|
|
|a TXAM
|
| 090 |
|
|
|a BX2159.C4
|b N68 1700z
|
| 245 |
0 |
0 |
|a Novena en culto, y veneracion de el Santissimo Niño Jesus, que se venera en el Convento de Religiosas de San Juan de la Penitencia /
|c Sacada a luz por la devocion de dos religiosas de dicho convento. Compuesta por vn religioso sacerdote. Comienza el dia seis de Enero, y acaba en el de la Fiesta de el S.S. Nombre de Jesus, ó en qualquier otro tiempo del año.
|
| 264 |
|
1 |
|a Con licencia en Mexico :
|b Por los Herederos de la Viuda de Miguel de Ribera Calderon en el Empedradillo,
|c [between 1700 and 1799?]
|
| 300 |
|
|
|a 16 unnumbered pages :
|b illustrations ;
|c 16 cm. (octavo)
|
| 336 |
|
|
|a text
|b txt
|2 rdacontent
|
| 337 |
|
|
|a unmediated
|b n
|2 rdamedia
|
| 338 |
|
|
|a volume
|b nc
|2 rdacarrier
|
| 500 |
|
|
|a Reprinted multiple times. Original printing unknown.
|
| 500 |
|
|
|a Illustration of Christ in childhood (possibly El Niño de Atocha) on title page verso.
|
| 500 |
|
|
|a Each day of the novena ends with a five-line rhymed stanza written as an acrostic on the names of Jesus and Maria.
|
| 650 |
|
0 |
|a Holy Childhood, Devotion to
|v Early works to 1800.
|
| 600 |
0 |
0 |
|a Jesus Christ
|x Name
|v Prayers and devotions
|v Early works to 1800.
|
| 600 |
0 |
0 |
|a Mary,
|c Blessed Virgin, Saint
|x Titles
|v Prayers and devotions
|v Early works to 1800.
|
| 650 |
|
0 |
|a Epiphany season
|v Prayers and devotions
|v Early works to 1800.
|
| 650 |
|
0 |
|a Novenas
|z Mexico
|z Mexico City
|v Early works to 1800.
|
| 610 |
2 |
0 |
|a Convento de San Juan de la Penitencia (Mexico City, Mexico)
|v Prayers and devotions
|v Early works to 1800.
|
| 610 |
2 |
0 |
|a Convento de San Juan de la Penitencia (Mexico City, Mexico)
|x History
|v Sources.
|
| 655 |
|
7 |
|a Novenas
|z Mexico
|y 18th century.
|2 rbgenr
|
| 752 |
|
|
|a Mexico
|d Mexico City.
|
| 948 |
|
|
|a cataloged
|b h
|c 2010/7/2
|d o
|e fpiscitelli
|f 5:54:06 pm
|
| 994 |
|
|
|a C0
|b TXA
|
| 999 |
|
|
|a MARS
|
| 999 |
f |
f |
|s a93fc398-a0da-3ec4-b432-6ec99b95c71e
|i d67f9f92-9d54-3022-9012-bae8bf0b9840
|t 0
|
| 952 |
f |
f |
|p noncirc
|a Texas A&M University
|b College Station
|c Cushing Memorial Library & Archives
|d Cushing: Colonial Mexican Imprints (Does not check out)
|t 0
|e BX2159.C4 N68 1700z
|h Library of Congress classification
|i unmediated -- volume
|m A14851977224
|
| 998 |
f |
f |
|a BX2159.C4 N68 1700z
|t 0
|l Cushing: Colonial Mexican Imprints (Does not check out)
|